00831 2200265 4500001002100000005001700021008004100038020002200079035002500101082001200126090002100138110002600159245015300185260002800338300003200366650003000398700001800428700001800446700001900464700001600483850001200499990001800511990001800529990001800547YOGYA-0209000007050420150623134643.0 ind  a979-979-015-362-2 a0010-020900000070504 a297.122 aK 297.122bTim C aTIM ERLANGGA FOR KIDS aCerita Al-Qur an untuk anakcdisusun oleh tim penulis Erlangga for kids ; editor, Danu Nugraha, Umi Andriani, Singgih Agung ; ilustrator, Iwan Nazif aJakartabErlanggac2007 a176 hlm. :bilus. ;c25 cm. aAl-Qur an - Cerita-cerita aNugroho, Danu aAndriani, Umi aAgung, Singgih aNasif, Iwan aYOPDYOG a29263-PD/B.07 a29264-PD/B.07 a29265-PD/B.07